[Event "XVII OOM Podlaskie - Chlopcy"]
[Site "Suwalki"]
[Date "2011.04.15"]
[Round "3.6"]
[White "Szymanowicz, Maksymilian"]
[Black "Marczuk, Dominik"]
[Result "1/2-1/2"]
[WhiteElo "1596"]
[BlackElo "1918"]
[PlyCount "119"]
[EventDate "2011.??.??"]

1. d4 Nf6 2. c4 g6 3. Nc3 Bg7 4. e4 d6 5. Nf3 O-O 6. Be2 e5 7. d5 a5 8. Bg5 h6
9. Bh4 Qe8 10. Nd2 Nh7 11. a3 h5 12. f3 Bh6 13. Bf2 Na6 14. b3 f5 15. Rb1 Nf6
16. O-O f4 17. b4 axb4 18. axb4 g5 19. c5 g4 20. Kh1 Qg6 21. c6 g3 22. Be1 bxc6
23. dxc6 Be6 24. Bc4 Bxc4 25. Nxc4 gxh2 26. Kxh2 Kh8 27. b5 Nc5 28. b6 Rg8 29.
Rg1 cxb6 30. Nxb6 Ra7 31. Nbd5 Nxd5 32. Qxd5 Ra3 33. Qc4 Rc8 34. Nb5 Ra4 35.
Qd5 Bf8 36. c7 Qg7 37. Bf2 Na6 38. Qe6 Rxc7 39. Nxc7 Nxc7 40. Qb3 Ra5 41. Rgc1
Rb5 42. Qa2 Rxb1 43. Rxb1 Qg8 44. Qc2 Ne6 45. Rb8 Qf7 46. Qc8 Kg8 47. Rb7 Qf6
48. Qd7 Ng7 49. Kg1 Qe6 50. Qxe6+ Nxe6 51. Kf1 Ng7 52. Be1 Kh7 53. Bb4 Kg6 54.
Rb6 Ne8 55. Ke2 Kf7 56. Rb7+ Be7 57. Ba5 Ke6 58. Kd3 Nf6 59. Kc4 h4 60. Kd3
1/2-1/2

[Event "XVII OOM Podlaskie - Chlopcy"]
[Site "Suwalki"]
[Date "2011.04.15"]
[Round "3.7"]
[White "Sliwicki, Damian"]
[Black "Mirski, Michal"]
[Result "0-1"]
[WhiteElo "1864"]
[BlackElo "1776"]
[PlyCount "120"]
[EventDate "2011.??.??"]

1. e4 c5 2. Nf3 Nc6 3. d4 cxd4 4. Nxd4 Nf6 5. Nc3 d6 6. Be3 e6 7. Be2 Be7 8.
Qd2 O-O 9. O-O a6 10. Rad1 Bd7 11. f4 Nxd4 12. Qxd4 Bc6 13. g4 Ne8 14. Bf3 Rc8
15. Qd2 b5 16. a3 Qc7 17. g5 Qb7 18. h4 a5 19. Qd4 b4 20. axb4 axb4 21. Ne2 Nc7
22. Ng3 Rfd8 23. h5 e5 24. fxe5 Ne6 25. Qd2 dxe5 26. Qg2 Bxg5 27. Bxg5 Nxg5 28.
Rde1 h6 29. Nf5 Rc7 30. Rd1 Rxd1 31. Rxd1 Nxf3+ 32. Qxf3 Bxe4 33. Qg4 Bxf5 34.
Rd8+ Kh7 35. Qxf5+ g6 36. hxg6+ fxg6 37. Qd3 Qb6+ 38. Kg2 Rxc2+ 39. Qxc2 Qxd8
40. Qc5 Qg5+ 41. Kf2 Qf4+ 42. Kg2 h5 43. b3 Kh6 44. Qd6 h4 45. Qe6 Kh5 46. Qe8
Qe4+ 47. Kh2 Qe2+ 48. Kg1 Qd1+ 49. Kh2 Qd2+ 50. Kg1 Qe3+ 51. Kg2 Qe4+ 52. Kg1
Kg4 53. Qf7 h3 54. Qd7+ Kg3 55. Qd2 Qd4+ 56. Qxd4 exd4 57. Kf1 h2 58. Ke2 h1=Q
59. Kd3 Qf3+ 60. Kxd4 Qxb3 0-1

[Event "XVII OOM Podlaskie - Chlopcy"]
[Site "Suwalki"]
[Date "2011.04.15"]
[Round "3.8"]
[White "Chmielarz, Maciej"]
[Black "Kowalczyk, Mariusz"]
[Result "1/2-1/2"]
[WhiteElo "1823"]
[BlackElo "1765"]
[PlyCount "132"]
[EventDate "2011.??.??"]

1. d4 d5 2. c4 dxc4 3. e4 e5 4. d5 Nf6 5. Nc3 Bd6 6. f3 a6 7. Bxc4 O-O 8. Be3
Qe7 9. Nge2 Nbd7 10. O-O Rd8 11. Kh1 Nf8 12. Qc2 Ng6 13. Bd3 Bd7 14. Na4 b6 15.
a3 Nh5 16. Nac3 Nhf4 17. Nxf4 exf4 18. Bd2 Qh4 19. b4 Ne5 20. Be1 Qh6 21. Qe2
g5 22. Qd2 Kh8 23. Be2 Ng6 24. Bf2 f6 25. e5 Bxe5 26. Bd4 Bf5 27. Bxe5 fxe5 28.
Ne4 g4 29. Rac1 Rd7 30. Rc4 Rad8 31. fxg4 Bxe4 32. Rxe4 Rxd5 33. Qc3 Qg7 34.
Rc4 c5 35. bxc5 b5 36. Re4 Rc8 37. Rc1 Rc6 38. Bf3 Qc7 39. Rc4 bxc4 40. Bxd5
Rxc5 41. Bxc4 Qc6 42. Qd3 Kg7 43. Rc2 Nh4 44. Bb3 Rxc2 45. Qxc2 Qxc2 46. Bxc2
Ng6 47. a4 Ne7 48. Be4 a5 49. Kg1 h6 50. Kf2 Kf6 51. g3 Nc8 52. gxf4 exf4 53.
Kf3 Ke5 54. h4 Nd6 55. Bc2 Nf7 56. Bd3 Kd4 57. Bb5 Ke5 58. Bc4 Nd6 59. Bd3 Ne8
60. g5 hxg5 61. hxg5 Ng7 62. Kg4 Ne6 63. Bf5 Nd4 64. Bd3 Ne6 65. g6 Kf6 66. Bc4
Nc5 1/2-1/2

[Event "XVII OOM Podlaskie - Chlopcy"]
[Site "Suwalki"]
[Date "2011.04.15"]
[Round "3.9"]
[White "Kaczmarek, Aleksander"]
[Black "Czerw, Dawid"]
[Result "1-0"]
[WhiteElo "2036"]
[BlackElo "1761"]
[PlyCount "77"]
[EventDate "2011.??.??"]

1. e4 e6 2. Nf3 d5 3. Nc3 Nf6 4. e5 Nfd7 5. d4 c5 6. dxc5 Bxc5 7. Bd3 Nc6 8.
Bf4 a6 9. O-O Qc7 10. Bg3 h6 11. Re1 O-O 12. Qd2 b5 13. Qf4 Nb6 14. Qg4 Nb4 15.
Ne2 Re8 16. Nf4 Nxd3 17. cxd3 Kh8 18. Rac1 Qe7 19. Bh4 Qf8 20. Qh5 Be7 21. Re3
Bxh4 22. Nxh4 Kh7 23. Rf3 Ra7 24. Nh3 Qe7 25. Rxf7 Qxf7 26. Ng5+ Kg8 27. Nxf7
Rxf7 28. g3 Bb7 29. Rc7 Ref8 30. Rxf7 Rxf7 31. Qg4 Bc8 32. Qd4 Na8 33. b4 Rc7
34. Ng6 Kf7 35. Nf4 Bb7 36. Nh5 Rc6 37. Qf4+ Kg8 38. d4 Nb6 39. Qg4 1-0

[Event "XVII OOM Podlaskie - Chlopcy"]
[Site "Suwalki"]
[Date "2011.04.15"]
[Round "3.10"]
[White "Eggink, Ryszard"]
[Black "Karpacz, Piotr"]
[Result "1-0"]
[WhiteElo "1914"]
[BlackElo "1747"]
[PlyCount "52"]
[EventDate "2011.??.??"]

1. e4 c5 2. Nf3 e6 3. d4 cxd4 4. Nxd4 a6 5. c4 Nf6 6. Nc3 Qc7 7. Be3 b6 8. Be2
Bb7 9. Qc2 d6 10. O-O Nbd7 11. f4 Be7 12. b3 O-O 13. Bf3 Rac8 14. Rac1 Qb8 15.
g4 h6 16. h4 Nh7 17. g5 g6 18. f5 e5 19. fxg6 fxg6 20. Ne6 Rf7 21. Bg4 Rxf1+
22. Rxf1 Rc6 23. Nd5 Qe8 24. Nec7 Qd8 25. Qf2 Bc8 26. Nb5 Nb8 1-0

[Event "XVII OOM Podlaskie - Chlopcy"]
[Site "Suwalki"]
[Date "2011.??.??"]
[Round "3.11"]
[White "Czajkowski, Adam"]
[Black "Siedlanowski, Lukasz"]
[Result "0-1"]
[WhiteElo "1802"]
[BlackElo "1727"]
[PlyCount "58"]
[EventDate "2011.??.??"]

1. e4 c6 2. d4 d5 3. Nc3 dxe4 4. Nxe4 Bf5 5. Ng3 Bg6 6. N1e2 Nf6 7. Nf4 Nbd7 8.
Bc4 e5 9. Nxg6 hxg6 10. dxe5 Qa5+ 11. c3 Qxe5+ 12. Be3 Bc5 13. O-O O-O-O 14.
Qf3 Bxe3 15. fxe3 Qe7 16. h3 Ne5 17. Qe2 Nxc4 18. Qxc4 Qxe3+ 19. Kh2 Rxh3+ 20.
Kxh3 Rh8+ 21. Qh4 Rxh4+ 22. Kxh4 Qh6+ 23. Nh5 Qxh5+ 24. Kg3 Qe5+ 25. Kh3 g5 26.
g3 g4+ 27. Kg2 Nh5 28. Rae1 Qxg3+ 29. Kh1 Nf4 0-1

[Event "XVII OOM Podlaskie - Chlopcy"]
[Site "Suwalki"]
[Date "2011.??.??"]
[Round "3.12"]
[White "Niekras, Dawid"]
[Black "Kosmala, Mateusz"]
[Result "1/2-1/2"]
[WhiteElo "1789"]
[BlackElo "1719"]
[PlyCount "66"]
[EventDate "2011.??.??"]

1. e4 e5 2. Nf3 Nc6 3. Bb5 Bc5 4. O-O Nd4 5. Nxd4 Bxd4 6. c3 Bb6 7. d4 c6 8.
Bc4 d6 9. Be3 Nf6 10. Nd2 O-O 11. h3 exd4 12. cxd4 d5 13. exd5 Nxd5 14. Qb3 Be6
15. Nf3 h6 16. Rad1 Re8 17. Rfe1 Qf6 18. Ne5 Rad8 19. a4 Re7 20. Re2 Ba5 21.
Bd2 Bxd2 22. Rexd2 Nb6 23. Bxe6 Qxe6 24. Qxe6 Rxe6 25. a5 Nd7 26. Nxd7 Rxd7 27.
Kf1 Kf8 28. Re2 Ke7 29. Rxe6+ Kxe6 30. Ke2 Rd5 31. b4 b6 32. axb6 axb6 33. Kd3
c5 1/2-1/2

[Event "XVII OOM Podlaskie - Chlopcy"]
[Site "Suwalki"]
[Date "2011.??.??"]
[Round "3.13"]
[White "Nun, Grzegorz"]
[Black "Swiderski, Radoslaw"]
[Result "0-1"]
[WhiteElo "1705"]
[BlackElo "1785"]
[PlyCount "132"]
[EventDate "2011.??.??"]

1. e4 c5 2. Nf3 d6 3. d4 cxd4 4. Nxd4 Nf6 5. Nc3 Nc6 6. Nxc6 bxc6 7. Bc4 e6 8.
O-O d5 9. Bd3 Bb4 10. e5 Bxc3 11. bxc3 Nd7 12. Qg4 Kf8 13. f4 f5 14. Qg3 Kf7
15. Be3 Qa5 16. Bd2 Ba6 17. Bxa6 Qxa6 18. Qf2 Rab8 19. g4 g6 20. gxf5 gxf5 21.
Qf3 h5 22. Kh1 Qc4 23. Rg1 Qe4 24. Qxe4 dxe4 25. Be3 Nb6 26. Rgd1 Nd5 27. Bxa7
Rb7 28. Bd4 Nxf4 29. a4 Ra8 30. a5 Ra6 31. Bc5 Ng6 32. Bd6 Rb5 33. c4 Rbxa5 34.
Rab1 Ra7 35. c5 Nf4 36. Bb8 Re7 37. Bd6 Rd7 38. Rb8 Ng6 39. Re1 Rda7 40. Rbb1
Ra2 41. Bb8 Rd7 42. Rec1 e3 43. Bd6 f4 44. Kg1 Ra8 45. Rb6 Nh4 46. Rb4 Ng6 47.
Kf1 Kg7 48. Ke2 Rf7 49. Rb3 Ra2 50. Rc3 Nh4 51. Rg1+ Kh6 52. Rf1 Kg5 53. Rc4
Ra3 54. Rg1+ Kh6 55. Rb1 f3+ 56. Kf1 Ng2 57. Re4 e2+ 58. Rxe2 fxe2+ 59. Kxg2
Rc3 60. Re1 Rxc2 61. h4 Rd2 62. Kg3 Rf1 63. Rxe2 Rxe2 64. Be7 Rxe5 65. Bd6 Ref5
66. Kg2 e5 0-1

[Event "XVII OOM Podlaskie - Chlopcy"]
[Site "Suwalki"]
[Date "2011.??.??"]
[Round "3.14"]
[White "Tomaszewski, Kacper"]
[Black "Osinski, Emil"]
[Result "1-0"]
[WhiteElo "1775"]
[BlackElo "1672"]
[PlyCount "77"]
[EventDate "2011.??.??"]

1. d4 d5 2. c4 e6 3. Nc3 Nf6 4. Bg5 Be7 5. e3 O-O 6. Nf3 b6 7. cxd5 exd5 8. Bd3
Bb7 9. O-O c5 10. Qc2 h6 11. Bf4 a6 12. dxc5 bxc5 13. Rfd1 Nc6 14. a3 Bd6 15.
Bxd6 Qxd6 16. Na4 c4 17. Bxc4 Na5 18. Bd3 Rac8 19. Qe2 Qc6 20. Nc3 Qb6 21. Rab1
Rfe8 22. Nd4 Nc4 23. Bf5 Rc7 24. Nc2 g6 25. Bd3 Ne5 26. Nd4 Qd6 27. h3 Bc8 28.
Rbc1 Nxd3 29. Qxd3 Re5 30. Ncb5 axb5 31. Nxb5 Qd8 32. Nxc7 Rg5 33. e4 Bxh3 34.
Qxh3 Rh5 35. Qf3 Qd6 36. g3 Rg5 37. Nxd5 Nh5 38. Rc8+ Kg7 39. Qc3+ 1-0

[Event "XVII OOM Podlaskie - Chlopcy"]
[Site "Suwalki"]
[Date "2011.??.??"]
[Round "3.15"]
[White "Ogonowski, Jakub"]
[Black "Lewtak, Dominik"]
[Result "1-0"]
[WhiteElo "1690"]
[BlackElo "1750"]
[PlyCount "51"]
[EventDate "2011.??.??"]

1. e4 c5 2. Nf3 d6 3. d4 cxd4 4. Nxd4 Nf6 5. Nc3 Nc6 6. Be2 e6 7. Be3 Be7 8.
Qd2 a6 9. O-O-O Qc7 10. g4 h6 11. h4 Nxd4 12. Bxd4 e5 13. Be3 Be6 14. g5 hxg5
15. hxg5 Rxh1 16. Rxh1 Nd7 17. Rh8+ Bf8 18. Nd5 Qc6 19. b3 Nc5 20. Bxc5 dxc5
21. c4 a5 22. a4 b6 23. f4 exf4 24. Qxf4 O-O-O 25. Rxf8 Bxd5 26. Rxd8+ 1-0

[Event "XVII OOM Podlaskie - Chlopcy"]
[Site "Suwalki"]
[Date "2011.??.??"]
[Round "3.16"]
[White "Maciejewski, Andrzej"]
[Black "Beczala, Pawel"]
[Result "1-0"]
[WhiteElo "1721"]
[BlackElo "1693"]
[PlyCount "41"]
[EventDate "2011.??.??"]

1. e4 e6 2. d4 d5 3. exd5 exd5 4. c4 c6 5. Nc3 Nf6 6. Bd3 Be6 7. cxd5 Nxd5 8.
Nge2 Bd6 9. Nxd5 Bxd5 10. O-O Qc7 11. Ng3 O-O 12. Qh5 g6 13. Qg4 Re8 14. Bh6
Bf8 15. Bxf8 Rxf8 16. Rae1 f6 17. Nf5 Bf7 18. Re7 h5 19. Nh6+ Kh8 20. Nxf7+
Rxf7 21. Rxc7 1-0

[Event "XVII OOM Podlaskie - Chlopcy"]
[Site "Suwalki"]
[Date "2011.??.??"]
[Round "3.17"]
[White "Fronczak, Sebastian"]
[Black "Gluszak, Pawel"]
[Result "1-0"]
[WhiteElo "1712"]
[BlackElo "1528"]
[PlyCount "35"]
[EventDate "2011.??.??"]

1. e4 c5 2. c3 d5 3. exd5 Qxd5 4. d4 cxd4 5. cxd4 Nc6 6. Nf3 Bg4 7. Nc3 Qa5 8.
d5 Ne5 9. Bb5+ Nd7 10. h3 Bxf3 11. Bxd7+ Kxd7 12. Qxf3 Nf6 13. Bg5 Rd8 14. Qf5+
Ke8 15. Bxf6 gxf6 16. O-O Bg7 17. Rfe1 Kf8 18. Rxe7 1-0

[Event "XVII OOM Podlaskie - Chlopcy"]
[Site "Suwalki"]
[Date "2011.??.??"]
[Round "3.18"]
[White "Mrozowski, Patryk"]
[Black "Mucha, Piotr"]
[Result "0-1"]
[WhiteElo "1676"]
[BlackElo "1707"]
[PlyCount "58"]
[EventDate "2011.??.??"]

1. e4 c5 2. Nf3 d6 3. d4 cxd4 4. Nxd4 Nf6 5. Nc3 a6 6. Bg5 e6 7. f4 Qb6 8. Nb3
Be7 9. Qf3 Nbd7 10. O-O-O Qc7 11. g4 h6 12. Bxf6 Bxf6 13. Bg2 Bxc3 14. Qxc3
Qxc3 15. bxc3 Ke7 16. Rd2 Nb6 17. Rhd1 Nc4 18. Rd3 b5 19. Nd2 Nb6 20. Nb3 Nc4
21. Nd2 Nb6 22. Nb3 Rd8 23. Na5 Rd7 24. Nc6+ Ke8 25. Rxd6 Nc4 26. Rxd7 Bxd7 27.
Na5 Ne3 28. Rd2 Rc8 29. Bf3 Rxc3 0-1

[Event "XVII OOM Podlaskie - Chlopcy"]
[Site "Suwalki"]
[Date "2011.??.??"]
[Round "3.19"]
[White "Molenda, Marcin"]
[Black "Kowalski, Maciej"]
[Result "0-1"]
[WhiteElo "1614"]
[BlackElo "1704"]
[PlyCount "64"]
[EventDate "2011.??.??"]

1. e4 d5 2. exd5 Nf6 3. d4 Nxd5 4. c4 Nb6 5. Nf3 g6 6. Nc3 Bg7 7. Be3 O-O 8.
Be2 Nc6 9. h3 e5 10. d5 Na5 11. Bxb6 axb6 12. b4 e4 13. Rc1 exf3 14. gxf3 Nxc4
15. Bxc4 Qe7+ 16. Kf1 Qxb4 17. Qb3 Qe7 18. Re1 Qh4 19. Kg2 Bd4 20. Ne4 Bf5 21.
Re2 Rae8 22. Bd3 Bxe4 23. fxe4 Re5 24. Qc4 Bc5 25. Qc1 f5 26. d6 fxe4 27. Bc4+
Kg7 28. Qb2 cxd6 29. a4 Qf6 30. Rh2 Rg5+ 31. Kf1 Qxb2 32. Rxb2 e3 0-1

[Event "XVII OOM Podlaskie - Chlopcy"]
[Site "Suwalki"]
[Date "2011.??.??"]
[Round "3.20"]
[White "Chomczyk, Marek"]
[Black "Maciejewski, Mikolaj"]
[Result "1-0"]
[WhiteElo "1696"]
[BlackElo "1622"]
[PlyCount "79"]
[EventDate "2011.??.??"]

1. e4 c5 2. Nf3 Nc6 3. d4 cxd4 4. Nxd4 e5 5. Nb5 a6 6. Nd6+ Bxd6 7. Qxd6 Qf6 8.
Qxf6 Nxf6 9. f3 d5 10. exd5 Nxd5 11. c3 b5 12. c4 Ndb4 13. Na3 Nd4 14. Kd2 Bf5
15. b3 Rd8 16. Kc3 Nbc2 17. Nxc2 Nxc2 18. Rb1 Rd1 19. cxb5 O-O 20. bxa6 Rc8+
21. Kb2 Nd4 22. Ra1 Nc2 23. Rb1 Ne3 24. Bxe3 Rxb1+ 25. Ka3 Ra8 26. a7 Re1 27.
Bf2 Rd1 28. b4 Be6 29. b5 Rd2 30. Be3 Rxa2+ 31. Kb4 R8xa7 32. Bxa7 Rxa7 33. Bc4
Bc8 34. Rd1 Rd7 35. Rxd7 Bxd7 36. b6 Bc8 37. Kc5 Bb7 38. Kd6 e4 39. fxe4 Bxe4
40. Bd5 1-0

[Event "XVII OOM Podlaskie - Chlopcy"]
[Site "Suwalki"]
[Date "2011.??.??"]
[Round "3.21"]
[White "Krawiecki, Stanislaw"]
[Black "Szymanowski, Mateusz"]
[Result "1-0"]
[WhiteElo "1520"]
[BlackElo "1743"]
[PlyCount "66"]
[EventDate "2011.??.??"]

1. e4 c5 2. Nf3 d6 3. d4 cxd4 4. Nxd4 Nf6 5. Nc3 a6 6. Be3 e5 7. Nb3 Be6 8. f3
Be7 9. Qd2 b5 10. g4 Nbd7 11. O-O-O Rc8 12. Kb1 Nb6 13. Qf2 Nfd7 14. h4 Qc7 15.
g5 Rb8 16. h5 Nc4 17. Bc1 Ndb6 18. Bd3 Na4 19. Nd5 Bxd5 20. exd5 Nab6 21. g6
Bf6 22. f4 Na4 23. gxf7+ Kxf7 24. h6 Rbc8 25. hxg7 Kxg7 26. Rdg1+ Kf7 27. Bxc4
bxc4 28. fxe5 dxe5 29. Rh6 Qb6 30. Rf1 Qxf2 31. Rxf2 cxb3 32. Rhxf6+ Ke7 33.
Re6+ Kd7 1-0

[Event "XVII OOM Podlaskie - Chlopcy"]
[Site "Suwalki"]
[Date "2011.??.??"]
[Round "3.22"]
[White "Smieszek, Wojciech"]
[Black "Mazur, Bartlomiej"]
[Result "1-0"]
[WhiteElo "1741"]
[BlackElo "1603"]
[PlyCount "129"]
[EventDate "2011.??.??"]

1. e4 c5 2. Nf3 d6 3. d4 cxd4 4. Nxd4 Nf6 5. Nc3 a6 6. Be3 e5 7. Nb3 Be6 8. f3
Be7 9. Qd2 Nbd7 10. g4 Bxb3 11. axb3 Nc5 12. h4 Ne6 13. g5 Nh5 14. Nd5 Rc8 15.
Bh3 Rc6 16. c4 g6 17. Qb4 Qb8 18. Bg4 Nhg7 19. Kf2 Nc7 20. Rhd1 Nge6 21. Rd2
Kf8 22. Rad1 Ne8 23. Bxe6 fxe6 24. Nxe7 Kxe7 25. c5 Rf8 26. cxd6+ Kd7 27. Qa5
Rf7 28. Qxe5 b6 29. Ra1 Qb7 30. Ra4 Rxd6 31. Rxd6+ Nxd6 32. Rd4 Qc6 33. Bf4
Rxf4 34. Qxf4 Qc5 35. Qe3 Kc7 36. Rd2 Qe5 37. Qc3+ Qc5+ 38. Qxc5+ bxc5 39. Ke3
Nb5 40. Kf4 Nd4 41. Rd3 Kd6 42. b4 e5+ 43. Ke3 cxb4 44. Rxd4+ exd4+ 45. Kxd4 a5
46. Kc4 Kc6 47. b3 Kb6 48. f4 Kc6 49. f5 Kd6 50. f6 Ke6 51. Kb5 a4 52. Kxb4
axb3 53. Kxb3 h5 54. gxh6 Kxf6 55. e5+ Kf7 56. e6+ Kg8 57. h7+ Kxh7 58. e7 Kh6
59. e8=Q Kh7 60. Kc3 Kh6 61. Kd4 Kg7 62. Ke5 Kh7 63. Kf6 g5 64. Qg6+ Kh8 65.
Qg7# 1-0

[Event "XVII OOM Podlaskie - Chlopcy"]
[Site "Suwalki"]
[Date "2011.??.??"]
[Round "3.23"]
[White "Buraczewski, Rafal"]
[Black "Lebiedowicz, Borys"]
[Result "1-0"]
[WhiteElo "1631"]
[BlackElo "1689"]
[PlyCount "63"]
[EventDate "2011.??.??"]

1. Nf3 d5 2. d4 Nf6 3. e3 Bg4 4. Bd3 e6 5. c3 c5 6. Nbd2 c4 7. Bc2 b5 8. Qe2
Be7 9. a3 a5 10. e4 O-O 11. O-O Nc6 12. Re1 b4 13. exd5 exd5 14. Ba4 Qd6 15.
Bxc6 Qxc6 16. Ne5 Qe6 17. Nxg4 Nxg4 18. h3 Nf6 19. Qxe6 fxe6 20. Rxe6 bxc3 21.
bxc3 Ra7 22. Rb1 Nh5 23. Nf3 Nf4 24. Bxf4 Rxf4 25. a4 Rf8 26. Rb5 Rd8 27. Ne5
Rc7 28. Rxa5 Bf6 29. Nc6 Rdc8 30. Nb4 Kf7 31. Re2 Rb7 32. Nxd5 1-0

[Event "XVII OOM Podlaskie - Chlopcy"]
[Site "Suwalki"]
[Date "2011.04.16"]
[Round "4.1"]
[White "Gajek, Radoslaw"]
[Black "Ulanowski, Karol"]
[Result "1-0"]
[WhiteElo "1997"]
[BlackElo "1919"]
[PlyCount "59"]
[EventDate "2011.??.??"]

1. e4 c5 2. Nf3 d6 3. d4 cxd4 4. Nxd4 Nf6 5. Nc3 a6 6. Bg5 e6 7. f4 Qb6 8. Qd2
Qxb2 9. Rb1 Qa3 10. f5 Nc6 11. fxe6 fxe6 12. Nxc6 bxc6 13. e5 dxe5 14. Bxf6
gxf6 15. Ne4 Qxa2 16. Rd1 Be7 17. Be2 O-O 18. Rf1 Ra7 19. Qh6 Qa5+ 20. c3 f5
21. Rf3 Rf7 22. Rg3+ Kh8 23. Bh5 Bh4 24. Bxf7 Bxg3+ 25. hxg3 Rxf7 26. Ng5 Rg7
27. Qf6 Qxc3+ 28. Kf1 Qc4+ 29. Kg1 Qc5+ 30. Kh2 1-0

[Event "XVII OOM Podlaskie - Chlopcy"]
[Site "Suwalki"]
[Date "2011.04.16"]
[Round "4.2"]
[White "Khamidov, Komil"]
[Black "Gajdamowicz, Patrick"]
[Result "1-0"]
[WhiteElo "2037"]
[BlackElo "1782"]
[PlyCount "73"]
[EventDate "2011.??.??"]

1. e4 e5 2. Nf3 Nc6 3. Nc3 Nf6 4. d4 exd4 5. Nxd4 Nxd4 6. Qxd4 d6 7. Be3 Be7 8.
O-O-O Ng4 9. Nd5 O-O 10. Nxe7+ Qxe7 11. Bf4 Ne5 12. f3 Qf6 13. Bd2 Ng4 14. Qg1
Ne5 15. f4 Nc6 16. Bd3 Be6 17. Kb1 Qd4 18. Qe1 Qa4 19. b3 Qa3 20. f5 Bd7 21. f6
g6 22. Qh4 Kh8 23. Qh6 Rg8 24. h4 Ne5 25. Be2 Bg4 26. Bxg4 Nxg4 27. Qf4 Ne5 28.
g4 a5 29. Bc1 Qb4 30. Bb2 Nd7 31. g5 Nf8 32. h5 a4 33. hxg6 Rxg6 34. Rh5 axb3
35. axb3 d5 36. Qxc7 Qxe4 37. Qxf7 1-0

[Event "XVII OOM Podlaskie - Chlopcy"]
[Site "Suwalki"]
[Date "2011.04.16"]
[Round "4.3"]
[White "Mirski, Michal"]
[Black "Kulas, Szymon"]
[Result "1-0"]
[WhiteElo "1776"]
[BlackElo "1966"]
[PlyCount "151"]
[EventDate "2011.??.??"]

1. e4 c5 2. Nf3 d6 3. d4 cxd4 4. Nxd4 Nf6 5. Nc3 a6 6. h3 g6 7. g4 Bg7 8. Bg2
e6 9. Be3 Qc7 10. Qe2 Nc6 11. O-O-O O-O 12. f4 Rb8 13. Bf3 Nxd4 14. Bxd4 b5 15.
e5 Ne8 16. exd6 Qxd6 17. Be5 Qb6 18. Bxb8 Qxb8 19. Qd2 Qc7 20. Rhe1 Qa5 21. Kb1
Qb4 22. a3 Qc4 23. Re4 Qc5 24. Re3 Nd6 25. Ne4 Nxe4 26. Bxe4 a5 27. Rd3 Qc4 28.
Bf3 b4 29. axb4 axb4 30. Rb3 e5 31. Qxb4 Qc7 32. fxe5 Qxe5 33. Qb5 Qf6 34. Qb6
Be6 35. Bd5 Rd8 36. c4 h5 37. Rbd3 Bf5 38. Qxf6 Bxd3+ 39. Rxd3 Bxf6 40. gxh5
gxh5 41. Rf3 Kg7 42. b4 Re8 43. b5 Re1+ 44. Kc2 Re2+ 45. Kd3 Rb2 46. Ke4 Re2+
47. Kf5 Re5+ 48. Kf4 Re2 49. b6 Bd8 50. b7 Bc7+ 51. Kg5 Re5+ 52. Kh4 f6 53. Rb3
Bb8 54. Rg3+ Rg5 55. Rxg5+ fxg5+ 56. Kxg5 h4 57. Kxh4 Kh6 58. Kg4 Kg6 59. h4
Kf6 60. h5 Be5 61. Bc6 Bc7 62. Be8 Ke7 63. Bg6 Kf6 64. Be4 Ke5 65. Bd5 Kf6 66.
c5 Ke5 67. Bf3 Kf6 68. c6 Bb8 69. Be4 Ke5 70. Bg6 Kf6 71. Be8 Ke7 72. Bd7 Kf6
73. Kf3 Kg5 74. Be8 Kf5 75. Ke3 Ke5 76. Kd3 1-0

[Event "XVII OOM Podlaskie - Chlopcy"]
[Site "Suwalki"]
[Date "2011.04.16"]
[Round "4.4"]
[White "Kaczmarek, Aleksander"]
[Black "Koitka, Jakub"]
[Result "1/2-1/2"]
[WhiteElo "2036"]
[BlackElo "1887"]
[PlyCount "194"]
[EventDate "2011.??.??"]

1. e4 c5 2. Nf3 d6 3. d4 cxd4 4. Nxd4 Nf6 5. Nc3 Nc6 6. f4 e5 7. Nf3 Be7 8. Bd3
Qb6 9. Qe2 exf4 10. Bd2 Bg4 11. O-O-O Nd4 12. Qf1 Bxf3 13. gxf3 Ne6 14. Bb5+
Kf8 15. Rg1 Rc8 16. Bc4 Qc5 17. Bb3 a6 18. Qh3 b5 19. Ne2 a5 20. Kb1 d5 21.
Bxa5 dxe4 22. Bxe6 fxe6 23. Nd4 Ke8 24. Qxe6 Qc4 25. fxe4 Qxe6 26. Nxe6 Nxe4
27. Nxf4 Kf7 28. Nd5 Bf6 29. a3 Rhe8 30. Nxf6 gxf6 31. Rd7+ Ke6 32. Rxh7 f5 33.
Kc1 Rg8 34. Rhg7 Rh8 35. R7g2 f4 36. Re2 Kf5 37. Rf1 Rh3 38. Bd2 f3 39. Re3
Nxd2 40. Kxd2 Rxh2+ 41. Kd3 Rhxc2 42. Rexf3+ Ke6 43. Rf6+ Ke7 44. R6f2 Rxf2 45.
Rxf2 Kd6 46. Rf5 Kc6 47. Kc3 Kb6+ 48. Kb4 Rc4+ 49. Kb3 Kc6 50. Rf3 Kb6 51. Rc3
Rf4 52. Rc2 Re4 53. Ka2 Rf4 54. b4 Rg4 55. Rc3 Rf4 56. Kb3 Rg4 57. Rh3 Rf4 58.
Kc3 Rg4 59. Re3 Rh4 60. Kd3 Rg4 61. Re4 Rg3+ 62. Kd4 Rxa3 63. Re6+ Kb7 64. Kc5
Rh3 65. Kxb5 Rh5+ 66. Ka4 Rh8 67. Ka5 Ra8+ 68. Kb5 Rh8 69. Re7+ Kb8 70. Ka5 Rg8
71. b5 Rh8 72. Ka6 Rg8 73. Rb7+ Ka8 74. Rc7 Kb8 75. Kb6 Rg6+ 76. Rc6 Rg8 77.
Rd6 Rc8 78. Rd7 Rg8 79. Rb7+ Ka8 80. Ka6 Rh8 81. Rd7 Rg8 82. Kb6 Kb8 83. Rd6
Rc8 84. Ka6 Rg8 85. b6 Rh8 86. Rd1 Rg8 87. Ra1 Rh8 88. Kb5 Rg8 89. Rd1 Rh8 90.
Kc6 Rh6+ 91. Kb5 Rh8 92. Rd7 Rg8 93. Re7 Rh8 94. b7 Rh1 95. Rg7 Rb1+ 96. Kc6
Rc1+ 97. Kd6 Rd1+ 1/2-1/2

[Event "XVII OOM Podlaskie - Chlopcy"]
[Site "Suwalki"]
[Date "2011.04.16"]
[Round "4.5"]
[White "Marczuk, Dominik"]
[Black "Ogonowski, Jakub"]
[Result "1-0"]
[WhiteElo "1918"]
[BlackElo "1690"]
[PlyCount "89"]
[EventDate "2011.??.??"]

1. e4 e5 2. Nf3 Nf6 3. Nxe5 d6 4. Nf3 Nxe4 5. Nc3 Nxc3 6. dxc3 Be7 7. Bf4 Nc6
8. Qd2 Bg4 9. Be2 Qd7 10. O-O-O O-O-O 11. h3 Be6 12. Kb1 Bf6 13. Bb5 a6 14. Be2
Kb8 15. g4 h6 16. Bg3 g5 17. Nd4 Ne5 18. f4 Nc4 19. Qd3 Nb6 20. Rdf1 Bc4 21.
Qd2 Bxd4 22. Bxc4 gxf4 23. Bxf4 Be5 24. Bxf7 Qxf7 25. Bxe5 Nc4 26. Qd3 Nxe5 27.
Rxf7 Nxd3 28. cxd3 Rdf8 29. Rhf1 Rxf7 30. Rxf7 Kc8 31. Kc2 Re8 32. Rf6 Rh8 33.
Rg6 Rh7 34. h4 Kd7 35. a4 Ke7 36. h5 Kf7 37. Kd2 Rh8 38. b4 b6 39. c4 a5 40.
Kc3 Rg8 41. bxa5 bxa5 42. Rxg8 Kxg8 43. Kd4 c6 44. c5 d5 45. Ke5 1-0

[Event "XVII OOM Podlaskie - Chlopcy"]
[Site "Suwalki"]
[Date "2011.04.16"]
[Round "4.6"]
[White "Swiderski, Jaroslaw"]
[Black "Eggink, Ryszard"]
[Result "0-1"]
[WhiteElo "1785"]
[BlackElo "1914"]
[PlyCount "66"]
[EventDate "2011.??.??"]

1. e4 c5 2. Nf3 Nc6 3. Nc3 Nf6 4. d4 cxd4 5. Nxd4 e6 6. Be3 Bb4 7. Nxc6 bxc6 8.
Qd4 c5 9. Qd3 O-O 10. O-O-O Qa5 11. Bd2 Rb8 12. Kb1 d5 13. a3 Bxa3 14. Nxd5
Rxb2+ 15. Ka1 Bb4+ 16. Kxb2 exd5 17. exd5 Bg4 18. Ra1 Qb6 19. Kc1 Rb8 20. Qb3
Bxd2+ 21. Kxd2 Ne4+ 22. Kc1 Qh6+ 23. Qe3 Qb6 24. Qxe4 Qb2+ 25. Kd2 Qxa1 26.
Qxg4 Re8 27. Qd1 Qd4+ 28. Kc1 Qa1+ 29. Kd2 Qd4+ 30. Kc1 Qf4+ 31. Kb2 Rb8+ 32.
Kc3 Qb4+ 33. Kd3 Qd4+ 0-1

[Event "XVII OOM Podlaskie - Chlopcy"]
[Site "Suwalki"]
[Date "2011.04.16"]
[Round "4.7"]
[White "Kowalczyk, Mariusz"]
[Black "Jarmula, Lukasz"]
[Result "1/2-1/2"]
[WhiteElo "1785"]
[BlackElo "1852"]
[PlyCount "77"]
[EventDate "2011.??.??"]

1. Nf3 Nf6 2. d4 g6 3. c4 Bg7 4. Nc3 d5 5. e3 O-O 6. Bd3 c5 7. dxc5 Qa5 8. O-O
dxc4 9. Bxc4 Qxc5 10. Be2 Bf5 11. Nd4 Nc6 12. Na4 Qa5 13. Bd2 Qc7 14. Nxf5 gxf5
15. Qc2 e6 16. Bf3 Rac8 17. Rac1 Rfd8 18. Rfd1 Nd7 19. Bxc6 bxc6 20. Bc3 Ne5
21. Bxe5 Bxe5 22. g3 Rxd1+ 23. Rxd1 c5 24. Nc3 Rb8 25. Rc1 c4 26. Nd1 Rc8 27.
Qe2 Qc5 28. e4 f4 29. gxf4 Bxf4 30. Qg4+ Qg5 31. Qxg5+ Bxg5 32. Rc2 Bf6 33. Ne3
c3 34. Nd1 Rc4 35. Nxc3 Bxc3 36. Rxc3 Rxe4 37. Ra3 Rb4 38. Rxa7 Rxb2 39. a4
1/2-1/2